Statistiques concernant Culture Générale - Série 881

Cliquez ici pour prendre le quiz!

Statistiques générales

  • Ce quiz a été pris 99 fois
  • Le résultat moyen est 6 sur 10

Statistiques - réponses

QuestionRéponse% Correct
Selon l'expression populaire, quand on a la voix enrouée, quel animal dit-on avoir dans la gorge ?chat
97%
Dans le domaine de l'urbanisme, que signifie la lettre "Z" du sigle "Z.I." ?Zone
94%
Quel rapace est appelé petit, moyen ou grand duc ?hibou
84%
Dans quel état des Etats Unis est située la ville d'Anchorage ?Alaska
72%
Quel préfixe grec multiplie par cinq l'unité devant laquelle il est placé ?penta
67%
Comment s'appellent les habitants de la Franche-Comté ?Francs-Comtois
63%
Quelle construction de Babylone est considérée comme l'une des Sept Merveilles du monde ?Les jardins suspendus
57%
Dans le roman d'Alexandre Dumas, à quelle île italienne Edmond Dantès emprunte-t-il son pseudonyme ?Montecristo
50%
Dans quelle province du Canada est située la partie orientale de la péninsule du Labrador ?Terre-Neuve
19%
En 1968, quel chirurgien réalise la première greffe du coeur en France ?Christian Cabrol
17%

Distribution des résultats

Percentile par nombre de réponses

% des personnes avec chaque résultat

Votre développement - résultats

Vous n’avez pas pris ce quiz